Dosud neznámé humanistické tisky v brněnské universitní knihovně /

Hlavní autor: Hejnic, Josef, 1924-2019
Další autoři: Martínek, Jan, 1924-2014
Jazyk: Čeština
Vydáno: [Praha : Jednota českých filologů, 1957]
Témata:
Externí odkaz: Digitalizovaný dokument
Fyzický popis: S. 84-89, 211-219 ; 24-30 cm
Language note: Německé resumé
Knihy
Uloženo v:
LEADER 01973nam a2200505 a 4500
001 001167109
003 CZ BrMZK
005 20110914104121.0
007 ta
008 110906s1957 xr e 000 0 cze
020 |q (Brož.) 
040 |a BOA001  |b cze 
041 0 |a cze  |b ger 
043 |a e-xr---  |b e-xr-jm  |2 czenas 
045 |a t-u- 
080 |a 027.53  |2 MRF 
080 |a 025.171  |2 MRF 
080 |a 025:09  |2 MRF 
080 |a 094/099(=124)  |2 MRF 
080 |a 821.124'04-1  |2 MRF 
080 |a (437.322)  |2 MRF 
080 |a (0.036.6)  |2 MRF 
100 1 |a Hejnic, Josef,  |d 1924-2019  |7 jk01040581  |4 aut 
245 1 0 |a Dosud neznámé humanistické tisky v brněnské universitní knihovně /  |c J. Hejnic, J. Martínek 
260 |a [Praha :  |b Jednota českých filologů,  |c 1957] 
300 |a S. 84-89, 211-219 ;  |c 24-30 cm 
504 |a Obsahuje bibliografické odkazy 
546 |a Německé resumé 
500 |a Dostupné též v digitální podobě v aplikaci Kramerius 
648 4 |a 16.-17. stol. 
650 0 7 |a zemské knihovny  |7 ph127610  |z Česko  |2 czenas 
650 0 7 |a historické knihovní fondy  |7 ph172933  |z Česko  |2 czenas 
650 0 7 |a vzácné knihovní fondy  |7 ph262214  |z Česko  |2 czenas 
650 0 7 |a latinské tisky  |7 ph135877  |z Česko  |y 16.-17. stol.  |2 czenas 
650 0 7 |a latinská středověká poezie  |7 ph122201  |2 czenas 
655 7 |a separáty  |7 fd131867  |2 czenas 
610 2 7 |a Moravská zemská knihovna (Brno, Česko)  |7 kn20010709059  |2 czenas 
651 7 |a Brno (Česko)  |7 ge134084  |2 czenas 
700 1 |a Martínek, Jan,  |d 1924-2014  |7 jk01080345  |4 aut 
787 0 8 |i Zvláštní otisk z časopisu:  |t Listy filologické,  |g 1957, 1 
856 4 1 |u http://www.digitalniknihovna.cz/mzk/uuid/uuid:6bb6cca0-f822-11ea-9c2e-005056827e51  |y Digitalizovaný dokument  |x NDK 
910 2 |a BOA001  |b 2-1270.658 
990 |a BK 
991 |b 201109  |e n 
996 6 |b 2610487627  |c 2-1270.658  |l Stud. starých tisků/4.patro  |r PST  |n 0  |p dar  |h VG2  |w 001201093  |u 000010  |a 1  |e BOA001  |j MZK50  |s P